Carregando...

Vimarsanathmaka sidhantham

Detalhes bibliográficos
Autor principal: Praveen Dani
Formato: Printed Book
Publicado em: Thiruvananthapuram Paridhi 2011
Assuntos:
LEADER 00842nam a22002291a 4500
020 |c 0.00 
040 |a SSUS - Library - Kalady 
082 |a M 320.532 2  |b PRA/V 
100 |a Praveen Dani 
245 |a Vimarsanathmaka sidhantham  |h [Text] 
260 |a Thiruvananthapuram  |b Paridhi   |c 2011 
300 |a 76p. 
600 |a Marxism 
600 |a Politics 
600 |a Social Sciences 
852 |h M 320.532 2  |i PRA/V  |p 062248  |9 60.00  |t 0 
852 |h M 320.532 2  |i PRA/V  |p 062249  |9 60.00  |t 0 
942 |c BK 
942 |c BK 
999 |c 49937  |d 49937 
952 |0 0  |1 0  |4 0  |6 M_320_532000000000000_2_PRA_V  |7 0  |9 72684  |a SSUS  |b SSUS  |d 2015-01-08  |g 60.00  |o M 320.532 2 PRA/V  |p 062248  |r 2015-01-08  |v 0.00  |w 2015-01-08  |y BK 
952 |0 0  |1 0  |4 0  |6 M_320_532000000000000_2_PRA_V  |7 0  |9 72685  |a SSUS  |b SSUS  |d 2015-01-08  |g 60.00  |o M 320.532 2 PRA/V  |p 062249  |r 2015-01-08  |v 0.00  |w 2015-01-08  |y BK